000 00444nam a2200169Ia 4500
003 GCL
008 140319s9999 xx 000 0 ara d
040 _aGCL /
_cGCL
082 0 4 _aط
_b8230.2
_bم س
100 1 _aمحمد قدرى لطفى
245 1 0 _aسنوهوايت /
_cمحمد قدرى لطفى
300 _a24
490 _aقصص الخيال
_v0
650 0 4 _aالاطفال
650 0 4 _aقصص الاطفال
942 _2ddc
_cBK
999 _c46328
_d46328